| 000 -LEADER |
| fixed length control field |
01050cam a2200289 a 4500 |
| 001 - CONTROL NUMBER |
| control field |
446916 |
| 003 - CONTROL NUMBER IDENTIFIER |
| control field |
OSt |
| 005 - DATE AND TIME OF LATEST TRANSACTION |
| control field |
20260204151017.0 |
| 008 - FIXED-LENGTH DATA ELEMENTS--GENERAL INFORMATION |
| fixed length control field |
030604r20032002nyu 000 0 eng |
| 020 ## - INTERNATIONAL STANDARD BOOK NUMBER |
| International Standard Book Number |
9780375713279 |
| Qualifying information |
(pbk.) : |
| 040 ## - CATALOGING SOURCE |
| Original cataloging agency |
NTUTL |
| Language of cataloging |
eng |
| Description conventions |
AACRII |
| Transcribing agency |
KH8 |
| 041 0# - LANGUAGE CODE |
| Language code of text/sound track or separate title |
eng |
| 042 ## - AUTHENTICATION CODE |
| Authentication code |
nbic |
| 082 0# - DEWEY DECIMAL CLASSIFICATION NUMBER |
| Classification number |
895.635 MUR |
| 100 1# - MAIN ENTRY--PERSONAL NAME |
| Personal name |
Murakami, Haruki, |
| Dates associated with a name |
1949- |
| Relator term |
author. |
| 245 10 - TITLE STATEMENT |
| Title |
After the quake : |
| Remainder of title |
stories / |
| Statement of responsibility, etc. |
Haruki Murakami ; translated from the Japanese by Jay Rubin. |
| 250 ## - EDITION STATEMENT |
| Edition statement |
1st Vintage International ed. |
| 260 ## - PUBLICATION, DISTRIBUTION, ETC. |
| Place of publication, distribution, etc. |
New York : |
| Name of publisher, distributor, etc. |
Vintage International, |
| Date of publication, distribution, etc. |
c2002. |
| 300 ## - PHYSICAL DESCRIPTION |
| Extent |
147 p. ; |
| Dimensions |
21 cm. |
| 500 ## - GENERAL NOTE |
| General note |
Originally published: New York : Alfred A. Knopf, 2002. |
| 505 0# - FORMATTED CONTENTS NOTE |
| Formatted contents note |
UFO in Kushiro -- Landscape with flatiron -- All God's children can dance -- Thailand -- Super-frog saves Tokyo -- Honey pie. |
| 650 #0 - SUBJECT ADDED ENTRY--TOPICAL TERM |
| Topical term or geographic name entry element |
Short stories, Japanese. |
| 650 #0 - SUBJECT ADDED ENTRY--TOPICAL TERM |
| Topical term or geographic name entry element |
Japanese fiction |
| Chronological subdivision |
20th century. |
| 651 #0 - SUBJECT ADDED ENTRY--GEOGRAPHIC NAME |
| Geographic name |
Japan |
| Form subdivision |
Fiction. |
| General subdivision |
Social life and customs |
| Chronological subdivision |
20th century. |
| 700 1# - ADDED ENTRY--PERSONAL NAME |
| Personal name |
Rubin, Jay, |
| Dates associated with a name |
1941- |
| 942 ## - ADDED ENTRY ELEMENTS (KOHA) |
| Source of classification or shelving scheme |
|
| Koha item type |
Books - Non Ficton |